000 00632cam a22001937a 4500
001 002355
003 armpunfd
005 20140612090705.0
008 100702e0####xx#a##########000#0#und#d
040 _aarmpunfd
_carmpunfd
080 _a347 (82) C 498
100 1 0 _a De Santo Victor
245 1 0 _aCodigo procesal civil y comercial de la nacion comentarios- jurisprudencia- concordancias- modelos
260 _a Uenos Aires : Editorial Universidad
_b2000. 835 P. Isbn: 950-679-271-2.
650 7 _a Codigo Procesal Civil Y Comercial
_2LEMB
650 7 _a Nacion
_2LEMB
942 _cLB
_2cdu
945 _aCatalis
_d2010-08-19
999 _c2345
_d232849